[Event "Lucky op 2nd"]
[Site "Hamburg"]
[Date "1999.10.17"]
[Round "4"]
[White "Leonhart, Huber"]
[Black "Buczylowski, Eike"]
[Result "0-1"]
[WhiteElo "800"]
[BlackElo "800"]
[PlyCount "72"]
[EventDate "1999.10.??"]
[EventType "swiss"]
[EventRounds "9"]
[EventCountry "GER"]
[SourceTitle "EXT 2001"]
[Source "ChessBase"]
[SourceDate "2000.11.22"]
[SourceVersion "1"]
[SourceVersionDate "2000.11.22"]
[SourceQuality "1"]

1. e4 e5 2. Bc4 f5 3. Bxg8 Rxg8 4. exf5 Bc5 5. Qh5+ g6 6. fxg6 hxg6 7. Qxe5+ Qe7 8. Qxe7+ Bxe7 9. d4 d5 10. h4 Bf5 11. c3 Nc6 12. Nf3 0-0-0 13. Ng5 Rde8 14. Be3 Kb8 15. Nd2 Rh8 16. g3 Bxg5 17. hxg5 Rxh1+ 18. Nf1 Bd3 19. Kd2 Bc4 20. b3 Bb5 21. a4 Rxf1 22. Ra2 Ba6 23. Rc2 Na5 24. Rb2 Rh8 25. c4 dxc4 26. b4 Nb3+ 27. Kc3 b6 28. b5 Bb7 29. Kxc4 Na5+ 30. Kb4 Rf8 31. f4 Rf5 32. g4 Rd5 33. f5 gxf5 34. g6 Re1 35. g7 Rd8 36. Rh2 Rxe3 0-1